Sports Quiz

Random Sports or Cricket Quiz
Score 0/46 Timer 10:00
0 Plays Today
Nation Player % Correct
IndiaRavi Ashwin
100%
IndiaHarbhajan Singh
100%
IndiaHarbhajan Singh
100%
IndiaRavi Ashwin
100%
IndiaAnil Kumble
100%
IndiaAnil Kumble
100%
IndiaRavindra Jadeja
100%
IndiaAnil Kumble
100%
IndiaRavindra Jadeja
100%
IndiaRavindra Jadeja
100%
IndiaRavi Ashwin
100%
IndiaRavi Ashwin
100%
IndiaHarbhajan Singh
100%
IndiaRavi Ashwin
100%
IndiaHarbhajan Singh
100%
South AfricaDale Steyn
100%
South AfricaAllan Donald
100%
South AfricaVernon Philander
100%
South AfricaDale Steyn
100%
South AfricaDale Steyn
100%
South AfricaMorne Morkel
100%
South AfricaDale Steyn
100%
South AfricaAllan Donald
100%
Nation Player % Correct
South AfricaAllan Donald
100%
South AfricaDale Steyn
100%
IndiaJavagal Srinath
93.3%
IndiaJavagal Srinath
93.3%
IndiaMohammed Shami
93.3%
IndiaMohammed Shami
93.3%
IndiaJavagal Srinath
93.3%
IndiaJavagal Srinath
93.3%
South AfricaMakhaya Ntini
93.3%
IndiaSreesanth
86.7%
IndiaJasprit Bumrah
86.7%
IndiaSreesanth
86.7%
South AfricaLance Klusener
86.7%
South AfricaLungi Ngidi
86.7%
South AfricaShaun Pollock
86.7%
South AfricaShaun Pollock
86.7%
IndiaVenkatesh Prasad
80%
IndiaVenkatesh Prasad
80%
IndiaVenkatesh Prasad
80%
South AfricaImran Tahir
66.7%
South AfricaPaul Adams
60%
South AfricaNicky Boje
60%
South AfricaKyle Abbott
53.3%

You're not logged in!

Compare scores with friends on all Sporcle quizzes.
OR
Log In

Sporcle TV

Today on Sporcle TV


Watch our educational content, quiz creation guides, and fun videos on Sporcle TV.

Show Comments

Extras

Top Quizzes Today


Score Distribution

Paid Content

Your Account Isn't Verified!

In order to create a playlist on Sporcle, you need to verify the email address you used during registration. Go to your Sporcle Settings to finish the process.

Report this User

Report this user for behavior that violates our Community Guidelines.

Details: